Sequía hidrológica en Costa Rica ¿se han vuelto más severas y frecuentes en los últimos años? /
En el presente artículo se estudia si la sequía hidrológica aumentó en su severidad y frecuencia en los últimos años. Para responder esta pregunta se aplicó el método del umbral a series de caudal diario para 17 cuencas de Costa Rica. Las cuencas representan áreas de diferentes condiciones climática...
Đã lưu trong:
| Tác giả chính: | |
|---|---|
| Định dạng: | Texto |
| Những chủ đề: | |
| Các nhãn: |
Thêm thẻ
Không có thẻ, Là người đầu tiên thẻ bản ghi này!
|
MARC
| LEADER | 00000 a a2200000 04500 | ||
|---|---|---|---|
| 001 | 13718 | ||
| 003 | |||
| 040 | |||
| 100 | |a Birkel, Christian | ||
| 245 | |a Sequía hidrológica en Costa Rica ¿se han vuelto más severas y frecuentes en los últimos años? / |c Christian Birkel | ||
| 520 | |a En el presente artículo se estudia si la sequía hidrológica aumentó en su severidad y frecuencia en los últimos años. Para responder esta pregunta se aplicó el método del umbral a series de caudal diario para 17 cuencas de Costa Rica. Las cuencas representan áreas de diferentes condiciones climáticas, hidrológicas, geológicas y fisiográficas del país. Indices de sequía, tales como duración, volumen de déficit, severidad, número de eventos y frecuencia fueron determinados utilizando la constante Q90 percentil de exceso respectivamente a la curva de duración | ||
| 650 | |a SEQUIA | ||
| 650 | |a RED HIDROLOGICA | ||
| 650 | |a CAMBIOS CLIMATICOS | ||
| 650 | |a COSTA RICA | ||
| 773 | |g volumen 85, número 1 -2; páginas 107-116 | ||
| 999 | |c 21842 |d 21842 | ||
